000 01093nam a2200217Ia 4500
999 _c45446
_d45446
001 12270
003 GE_BSU
005 20240704160425.0
008 181216s1998||||geo|||||||||||||| ||ge ||
040 _cGE_BSU
041 _ageo
080 _a811.353.1'282 ჯ-71
100 _aჯორბენაძე, ბესარიონ
_91214
245 _aქართული დიალექტოლოგია [წ.] 2 /
_cბესარიონ ჯორბენაძე ; საქ. სსრ მეცნ. აკად., ენათმეცნიერების ინ-ტი.
264 _aთბილისი :
_bმეცნიერება,
_c1998.
300 _a673 გვ. ;
_c21 სმ.
504 _aბიბლიოგრაფია. : გვ. 662-667
653 _aქართული დიალექტოლოგია 2
710 _aსაქართველოს სსრ მეცნიერებათა აკადემია
_bენათმეცნიერების ინსტიტუტი
_922716
942 _cBK
_2udc